Separated Cities (Dominican Republic) Quiz Stats

 Plays Quiz not verified by Sporcle

Score 0/8 Timer 02:00
1 Play Today
% Correct
Santo
96.6%
Santiago de los
82.4%
San
80.5%
Bella
76.1%
Santo Domingo
68%
La
67.5%
Puerto
66.3%
San Pedro de
60.9%

You're not logged in!

Compare scores with friends on all Sporcle quizzes.
OR
Log In

Show Comments

Extras

Top Quizzes Today


Score Distribution

Your Account Isn't Verified!

In order to create a playlist on Sporcle, you need to verify the email address you used during registration. Go to your Sporcle Settings to finish the process.

Report this User

Report this user for behavior that violates our Community Guidelines.

Details: